Words Ending in "Ade" - Statistics

General Stats
  • This quiz has been taken 15,892 times
    15,872 since last reset
  • The average score is 14 of 20
Answer Stats
Definition Word % Correct
Place to play coin-operated video games Arcade
91%
3650 days, approximately Decade
91%
Citrus-based jam Marmalade
87%
Military campaign to capture the Holy Land Crusade
84%
Score in an exam or test Grade
81%
To sing a love song to someone Serenade
81%
Playing card suit Spade
79%
Semi-precious green stone Jade
77%
To avoid, dodge, elude Evade
74%
The front of a building Facade
73%
To convince Persuade
69%
Series of small waterfalls Cascade
63%
To enter with hostile intent Invade
63%
Defensive barrier Barricade
60%
Temperature measurement scale Centigrade
60%
To break down naturally Biodegrade
54%
Greasy substance used for styling hair Pomade
50%
Group of about 1500 to 4000 soldiers Brigade
48%
Open area in a woodland Glade
45%
Award or honor Accolade
32%
No matching quizzes found
Score Distribution
Percent of People with Each Score
Percentile by Number Answered
Your Score History
You have not taken this quiz since the last reset